Developing a Legal, Ethical, and Socially Responsible Mindset for Sustainable Leadership (Record no. 33453)

MARC details
000 -LEADER
fixed length control field 00507nam a22001817a 4500
005 - DATE AND TIME OF LATEST TRANSACTION
control field 20231009133220.0
008 - FIXED-LENGTH DATA ELEMENTS--GENERAL INFORMATION
fixed length control field 230907b |||||||| |||| 00| 0 eng d
020 ## - INTERNATIONAL STANDARD BOOK NUMBER
ISBN 9781936237074
082 ## - DEWEY DECIMAL CLASSIFICATION NUMBER
Classification number 371.2011
Item number CAV-D
100 ## - MAIN ENTRY--AUTHOR
Author Name Cavico,Frank J.
245 ## - TITLE STATEMENT
Title Developing a Legal, Ethical, and Socially Responsible Mindset for Sustainable Leadership
260 ## - PUBLICATION, DISTRIBUTION, ETC.
Place of Publication USA
Name of publisher, distributor, etc. ILEAD Academy
Date of publication, distribution, etc. 2016
300 ## - PHYSICAL DESCRIPTION
Pages 138
500 ## - GENERAL NOTE
General note Include index
650 ## - SUBJECT ADDED ENTRY--TOPICAL TERM
Subject / Department Management
700 ## - ADDED ENTRY--PERSONAL NAME
Personal name Frank J.Cavico
952 ## - LOCATION AND ITEM INFORMATION (KOHA)
-- 0
-- 0
Holdings
Lost status Damaged status Collection code Permanent Location Current Location Shelving Location Date acquired Full Call Number Accession No./Barcode Date last seen item type
    Management Superior Information Resource Center (SIRC) Superior University- Main Campus Superior Information Resource Center (SIRC) Superior University- Main Campus Management 09/07/2023 371.2011 CAV-D 2016 20348 09/07/2023 BOOK

Powered by Koha